000 00940cam a22002411 4500
001 e 31000690
003 DLC
005 20260227111221.0
008 870820s1931 nyu b s000 0 eng c
010 _ae 31000690
035 _a(OCoLC)16517913
040 _aLibrary, U. S. Office of Education
_cAU
_dDLC
042 _apremarc
050 0 0 _aZ1037
_b.H93 1931
100 1 _aHunt, Clara Whitehill,
_d1871-1958.
245 1 4 _aThe first three hundred books for the children's library,
_cchosen by Clara Whitehill Hunt ...
250 _aEdition 4, rev.
260 _aAlbany,
_bThe University of the State of New York press,
_c1931.
300 _a16 p.
_c23 cm.
490 0 _aUniversity of the State of New York bulletin,
_vno. 971
500 _a"Note to 1931 edition: Eighty-nine titles appearing in the 1925 edition have been omitted and more recent titles substituted for them."--p.4.
650 0 _aChildren's literature
_vBibliography.
999 _c21122
_d21122